000
00496nam a2200181Ia 4500
008
090123s9999 xx 000 0 und d
082
_b
16440
100
_a
सैलामी
245
_a
अब मेरी बारी
250
_a
0
260
_b
रुप पेपर बुक्स
300
_a
208
600
_a
सैलामी
630
_a
अब मेरी बारी
700
_a
सैलामी
730
_a
अब मेरी बारी
942
_c
BOOK
999
_c
54504
_d
54504